| 000 | 00790nam a2200253Ia 4500 | ||
|---|---|---|---|
| 003 | OSt | ||
| 005 | 20221005082654.0 | ||
| 006 | a|||||r|||| 00| 0 | ||
| 007 | ta | ||
| 008 | 221004b |||||||| |||| 00| 0 eng d | ||
| 020 |
_a81 207 1745 7 (hbk) _cIndian Rupees 150 |
||
| 024 | _a33814 | ||
| 037 |
_bGift, 28/09/2017, _cTextual |
||
| 040 |
_aCRL _cCRL _beng |
||
| 041 |
_2eng _aeng |
||
| 082 | _aNR4475, N6 | ||
| 100 |
_aBasu Sreelekha Au. _9612048 |
||
| 245 | 0 |
_aBengali patriotic songs and brahmo samaj _b a pilot documentation |
|
| 260 |
_aNew Delhi _bSterling Publishers Private Limited India _c1996 |
||
| 300 |
_a90p. _ccm. |
||
| 650 |
_aINDIAN MUSIC _9589753 |
||
| 942 |
_hNR4475, N6 _cTEXL _2cc |
||
| 999 |
_c989693 _d989693 |
||